000 00437nam a22001577a 4500
005 20250915115035.0
008 250915b |||||||| |||| 00| 0 eng d
020 _a979-8-88715-087-1
100 _aBURNETT, SUSAN
245 _aBIOTECHNOLOGYOF PLANT TISSUES
260 _aDUBLIN
_bORYSON PRESS
_c2023
300 _aVI, 276P.
500 _aINCLUDEXS INDEX
650 _a1. PLANT TISSUE CULTURE 2.PLANT BIOTECHNOLOGY
942 _2lcc
_cBK
999 _c216084
_d216084